Oeuvres politiques de Benjamin Constant (Запис номер 402841)
[ съкратено ]
| 000 -Лидер | |
|---|---|
| Контролно поле с фиксирана дължина | nam a22 a 4500 |
| 003 - Код на организацията, давaща контролен номер | |
| Контролно поле | BLK |
| 005 - Дата и час на последна редакция | |
| Контролно поле | 20210402102253.0 |
| 008 - Елементи от данни с фиксирана дължина | |
| fixed length control field | 180409b bul|||||r ||||||| ||bul|| |
| 040 ## - Източник на каталожния запис | |
| Идентификатор на билиотеката - собственик на записа | BLK |
| 041 ## - Код за език | |
| Код за езика на текст/звукозапис или на отделно заглавие | Френски |
| Код за езика КДБФ | Френски |
| 080 ## - УДК | |
| Текстов определител УДК | Политика. Вж и 341 ; 342 |
| УДК код - определител по УДК | 32 |
| УДК - код + определител | 32(44)(092) |
| 139 ## - Редно поле | |
| Редна дума | Oeuvres politiques de Benjamin Constant |
| 245 10 - Сведения за заглавието | |
| Заглавие | Oeuvres politiques de Benjamin Constant |
| Редно поле (дума) | avec introduction, notes et index Par Charles Louandre |
| 257 ## - Страна на издаване | |
| Страна на създаване/издаване | Франция |
| 260 ## - Област на издателските данни | |
| Име на издателя, разпространителя и проч. | G. Charpentier |
| Година на издаване | 1874 |
| 9 (RLIN) | 435940 |
| Място на издаване, разпространение и проч. | Paris |
| 300 ## - Физическа характеристика | |
| Страници | XXVIII, 432 p. |
| Размери/Мащаб | 19 cm |
| 380 ## - Жанр | |
| Жанр | Обществени науки |
| 490 ## - СЕРИИ (Колекции) | |
| 9 (RLIN) | 435080 |
| Име на серия | Колекция Редки и ценни издания |
| 600 #0 - Име на лице, използвано като предмет | |
| 9 (RLIN) | 444621 |
| За него / За нея | Constant, Benjamin |
| 650 #0 - Допълнително описание по предмет – тема | |
| 9 (RLIN) | 246187 |
| Основно описание – тема или топоним | Политици, френски |
| 700 ## - Други автори (авторска отговорност) | |
| 9 (RLIN) | 1559 |
| Лично име | Louandre, Charles |
| Автороска отговорност (Описва отношението между автора и произведението) | състав., предг. и бел. |
| 852 ## - Местоположение | |
| Форматна сигнатура | Рф 874 |
| Фондова буква | Редки и ценни |
| 856 4# - Електронен адрес и достъп | |
| Електронен формат | pdf - файл |
| 856 4# - Електронен адрес и достъп | |
| Електронен формат | pdf - файл |
| 999 ## - СИСТЕМНИ КОНТРОЛНИ НОМЕРА | |
| Koha biblionumber | 402841 |
| Koha biblioitemnumber | 402841 |
| 942 ## - АРТИКУЛИ | |
| Вид на библиотечния материал | Книги |
| Скрит в OPAC | Не |
| Периодичен библиозапис | Да |
| 944 ## - СЪЗДАВАНЕ И РЕДАКЦИЯ на ЗАПИСА | |
| Създаване/Редакция | Създаване |
| Дата на регистрацията/редакция | 2021-03-25 |
| Служител, извършил регистрацията/редакцията | NR |
| 999 ## - СИСТЕМНИ КОНТРОЛНИ НОМЕРА | |
| Koha biblioitemnumber | 402841 |
| 999 ## - СИСТЕМНИ КОНТРОЛНИ НОМЕРА | |
| Koha biblioitemnumber | 402841 |
| Код за отписване | Код за изгубен артикул | Източник на класификационната схема | Код за повреда | Коз за рестрикции | Код за отдаване | Артикулен № | Име на библиотеката - собственик | Име на библиотеката, в която се намира в момента | Статус (Текущо местоположение) | Дата на вписване в системата | Местоположение - отдел | Цена в лева | Инвентарен номер | Систематично азбучна сигнатура | Баркод | Цена в евро | Служебен тип на артикула |
|---|---|---|---|---|---|---|---|---|---|---|---|---|---|---|---|---|---|
| Не е изгубен | Universal Decimal Classification | Не е повреден | само за читалня | Специални фондове ( старопечатни, редки и ценни, фонд М. Арнаудов) | 854821 | Регионална библиотека "Любен Каравелов" Русе | Регионална библиотека "Любен Каравелов" Русе | Редки и ценни | 2021-09-24 | Редки и ценни | 0.86 | 14151 | Рф 874 | 900000042087 | 0.44 | Книги |